000 00896nam a2200253Ia 4500
003 OSt
005 20221005112237.0
006 a|||||r|||| 00| 0
007 ta
008 221004b |||||||| |||| 00| 0 pan d
020 _a8171433928 (hbk)
_c160
024 _a104606
037 _b513, 02/02/2011, H.K. Prakashan
_cTextual
040 _aCRL
_cCRL
_bpan
041 _2pan
_apan
082 _aO153,3:g, P5
100 _aਨਰਿੰਜਨ ਤਸਨੀਮ
245 0 _aਆਧੁਨਿਕ ਪ੍ਰਵਿਰਤੀਆਂ ਅਤੇ ਪੰਜਾਬੀ ਨਾਵਲ
260 _aਅੰਮ੍ਰਿਤਸਰ
_bਰਵੀ ਸਾਹਿਤ ਭਾਰਤ
_c2005
300 _a160ਪੰ
_ccm.
650 _aਪੰਜਾਬੀ ਸਾਹਿਤ
942 _hO153,3:g, P5
_cTEXL
_2cc
999 _c1024305
_d1024305